| 000 | 005230000a22001930004500 | ||
|---|---|---|---|
| 001 | 002969 | ||
| 003 | MACL | ||
| 005 | 20150801173801.0 | ||
| 008 | 150801b xxu||||| |||| 00| 0 eng d | ||
| 040 |
_aMACL _cMACL |
||
| 041 | _aEnglish | ||
| 082 | _a361/DEV | ||
| 100 |
_aDevi, Rameshwari _9651 |
||
| 245 |
_aSocial Work And Social Welfare Administration Vol.1 _bMethods And Practies _cRameshwari Devi |
||
| 260 |
_aDelhi _c2001 _bUtility Books, |
||
| 350 | _a200 | ||
| 650 |
_aSocial Science _94250 |
||
| 942 |
_k361 _cBK _2ddc |
||
| 999 |
_c14875 _d14875 |
||